000 02265nam a2200589 a 4500
005 20240423102809.0
008 100311s2010||||sp il. f |||| 001 0 spa d
020 _a9788480866606
041 _aspa
092 _c616.07
_l75
_sROB
245 _aRobbins y Cotran.
_bPatología estructural y funcional /
_cVinay Kumar
250 _a8a ed. versión en español de la obra original en inglés
_bRevisión Científica J. Fariña González y Mª. Jesús Fernández-Aceñero
260 _aBarcelona:
_bElsevier ; Saunders;
_c2010.
300 _a1449 p.
_bil.
500 _aKumar, V. et al. (2010). Robbins y Cotran. Patología estructural y funcional. (8a ed.). Barcelona : Elsevier ; Saunders.
590 _aCompra FACIMED 2010 / Compra FACIMED, Junio 2011
653 _aRespuestas celulares al estrés y las agresiones por tóxicos: adaptación, lesión y muerte
653 _aInflación aguda y crónica
653 _aRenovación, reparación y regeneración tisular
653 _aTrastornos hemodinámicos, enfermedad tromboembólica y shock
653 _aTrastornos genéticos
653 _aEnfermedades del sistema inmunitario
653 _aNeoplasias
653 _aEnfermedades infecciosas
653 _aEnfermedades ambientales y nutricionales
653 _aEnfermedades de la lactancia y la infancia
653 _aVasos sanguíneos
653 _aCorazón
653 _aEnfermedades de los leucocitos, ganglios linfáticos, bazo y timo
653 _aTrastornos de los eritrocitos y trastornos hemorrágicos
653 _aPulmón
653 _aCabeza y cuello
653 _aTubo digestivo
653 _aHígado y vías biliares
653 _aPáncreas
653 _aRiñón
653 _aVías urinarias bajas y aparato genital masculino
653 _aAparato genital femenino
653 _aMama
653 _aSistema endócrino
653 _aPiel
653 _aHuesos, articulaciones y tumores de partes blandas
653 _aNervio periférico y músculo esquelético
653 _aSistema nervioso central
653 _aOjo
700 1 _aKumar, Vinay
_9127
700 1 _aAbbas, Abul K.
_949
700 1 _aFausto, Nelson
_950
700 1 _aAster, Jon C.
_951
930 _a2392
942 _2ddc
_cBK
_07
999 _c845
_d845